000 02869nam0a2200421 4500
001 RU\NLR\BIBL_A\012565377
005 20210921153856.0
010 _a978-5-93767-399-2
_990
021 _aRU
_bКН-П-21-014140
_9КН-П-21-1129
035 _a(NLR Aleph) 012565377
090 _a12473515
_c12473515
100 _a20210716d2020 k y0rusy50 ca
101 0 _arus
_aeng
102 _aRU
105 _aa|||z|||100zy
181 0 _ai3
_baxxe
182 0 _an
200 1 _aПроблемы экологического образования в XXI веке
_eтруды IV Международной научной конференции (очно-заочной), Владимир, 26 ноября 2020 г.
_fМинистерство науки и высшего образования Российской Федерации, Федеральное государственное бюджетное образовательное учреждение высшего образования "Владимирский государственный университет имени Александра Григорьевича и Николая Григорьевича Столетовых"
_gредколлегия: ответственный редактор: Грачева Екатерина Петровна, кандидат биологических наук, доцент [и др.]
203 _aТекст
_bвизуальный
_cнепосредственный
210 _aВладимир
_cАркаим
_d2020
215 _a265, [3] с.
_cил., табл.
_d21
300 _aЧасть текста парал. рус., англ.
320 _aБиблиогр. в конце ст.
606 1 _aЭкология
_jСъезды, совещания и т.п
_2nlr_sh1
_2nlr_sh2
_3RU\NLR\AUTH\6628592
606 1 _aБиология
_jСъезды, совещания и т.п
_2nlr_sh1
_2nlr_sh2
_3RU\NLR\AUTH\664781
606 1 _aЭкологическое образование
_jСъезды, совещания и т.п
_2nlr_sh2
_3RU\NLR\AUTH\661299742
686 1 _aЕ.я431(0)
686 1 _aЕ081я431(0)
686 1 _aЧ458.5я431
702 1 _aГрачева
_bЕ. П.
_gЕкатерина Петровна
_4340
711 1 2 _a"Проблемы экологического образования в XXI веке", международная научная конференция (очно-заочная)
_d4
_f2020
_eВладимир
_3RU\NLR\AUTH\880547373
712 0 2 _aВладимирский государственный университет им. А. Г. и Н. Г. Столетовых
_3RU\NLR\AUTH\889970406
_4570
942 _cBOOK
980 _aNBR
980 _aNB